000 00410nam a2200157Ia 4500
008 220531s9999 xx 000 0 und d
041 _amar
100 _aलिमय हरिभाऊ
_934998
245 _aवास्‍तुप्रकाश
260 _bLimaye
_c1995
300 _a88
542 _d11-07-1997
650 _aGenral
_934999
906 _d1997-1998
_f5044
999 _c21513
_d21513